000 00611nam a2200205Ia 4500
003 OSt
005 20230502143858.0
008 210423s2006 xx 000 0 und d
020 _a978-3-540-33218-9
040 _cAL
041 _aeng
082 _a518.1
_223
_bSEIA
100 _aSEIBT (Peter)
_996105
245 _aAlgorithmic information theory: mathematics of digital information processing
260 _aNew York
_bSpringer Pvt Ltd
_c2006
300 _avi,437
_bHB
365 _b10746.87
_cINR
906 _aAlgorithmic ; digital ; information ; mathematics ; processing ; theory:
942 _2ddc
_cBK
999 _c170667
_d170667